Normal view
MARC view
- FOURIER ANALYSIS.WAVELET ANALYSIS
Entry Topical Term
001 - CONTROL NUMBER
- control field: 61597
003 - CONTROL NUMBER IDENTIFIER
- control field: NUST
005 - DATE AND TIME OF LATEST TRANSACTION
- control field: 20210628202801.0
008 - FIXED-LENGTH DATA ELEMENTS
- fixed length control field: 210628|| aca||aabn | a|a d
040 ## - CATALOGING SOURCE
- Original cataloging agency: NUST
- Transcribing agency: NUST
150 ## - HEADING--TOPICAL TERM
- Topical term or geographic name entry element: FOURIER ANALYSIS.WAVELET ANALYSIS
670 ## - SOURCE DATA FOUND
- Source citation: Work cat.: (NUST): Bachman, George, Narici, Lawrence, Beckenstein, Edward 61596, Fourier and wavelet analysis, 2000
